Sports Quiz

Random Sports or Basketball Quiz

Most All NBA FIRST teams for Dream Team Quiz Stats

 Plays Quiz not verified by Sporcle

Support Sporcle.
Go Orange.
Score 0/12 Timer 05:00
0 Plays Today
1st team ALL NBA selections Dream Teamer % Correct
10Michael Jordan
99.4%
11Karl Malone
96.4%
9Magic Johnson
92.8%
9Larry Bird
90%
5Charles Barkley
84.7%
4David Robinson
79.1%
2John Stockton
75.8%
ZeroLaettner
73.5%
3Scottie Pippen
72.4%
1Chris Mullin
72.1%
1Clyde Drexler
71.3%
1Patrick Ewing
70.5%

You're not logged in!

Compare scores with friends on all Sporcle quizzes.
OR
Log In

From the Vault

Mammal, Bird, Reptile, Fish or Amphibian II

by bazmerelda

We really brought out most of the animal kingdom for this one!
Remove Ads.
Support Sporcle.
Get the best of Sporcle when you Go Orange. This ad-free experience offers more features, more stats, and more fun while also helping to support Sporcle. Thank you for becoming a member.

Show Comments

Extras

Top Quizzes Today


Score Distribution

Your Account Isn't Verified!

In order to create a playlist on Sporcle, you need to verify the email address you used during registration. Go to your Sporcle Settings to finish the process.

Report this User

Report this user for behavior that violates our Community Guidelines.

Details: